|
|
|
|
| LEADER |
00000nam a2200000 a 4500 |
| 001 |
vtls001485764 |
| 003 |
SK-MaSNL |
| 005 |
20260301204002.0 |
| 008 |
251029s2001 gw dm g 00000 ger |
| 020 |
|
|
|a 3412085014
|q (brož.)
|
| 035 |
|
|
|a SNK000441057
|
| 040 |
|
|
|a SNK
|b slo
|c SNK
|e AACR2
|
| 041 |
0 |
|
|a ger
|
| 044 |
|
|
|a gw
|a au
|c DE
|c AT
|
| 072 |
|
7 |
|a 33
|x Ekonómia
|2 konspekt
|
| 080 |
|
|
|a 517.938
|2 2001
|
| 080 |
|
|
|a 33
|2 2001
|
| 080 |
|
|
|a (048.8)
|2 2001
|
| 100 |
1 |
|
|a Schwerin, Joachim
|4 aut
|9 588191
|
| 245 |
1 |
0 |
|a Wachstumsdynamik in Transformationsökonomien
|b Strukturähnlichkeiten seit der industriellen Revolution und ihre Bedeutung für Theorie und Politik
|c Joachim Schwerin
|
| 260 |
|
|
|a Köln
|a Weimar
|a Wien
|b Böhlau
|c 2001
|
| 300 |
|
|
|a xi, 320 s.
|b grafy, tab.
|c 23 cm
|
| 490 |
1 |
|
|a Wirtschafts- und Sozialhistorische Studien
|v Bd. 12
|
| 650 |
0 |
7 |
|a dynamické systémy
|2 SNKPH
|9 63331
|
| 650 |
0 |
7 |
|a ekonómia
|2 SNKPH
|9 788
|
| 650 |
0 |
7 |
|a ekonomická transformácia
|2 SNKPH
|9 4367
|
| 655 |
|
7 |
|a štúdie
|2 SNKPH
|9 57033
|
| 830 |
|
0 |
|a Wirtschafts- und Sozialhistorische Studien
|9 588192
|
| 919 |
|
|
|a 3-412-08501-4
|
| 999 |
|
|
|c 904697
|d 906627
|
| 952 |
|
|
|t P60, <04>, [BOOK], {604}, -A-
|a SNK
|b SNK
|y VYP
|7 0
|p 17A0458825
|o snkIC 132045
|i snk2005/3306
|8 2
|g 46.41
|0 0
|1 0
|4 0
|d 2004-11-19
|l 0
|r 2005-01-02 00:00:00
|w 2026-02-24
|